<?xml version="1.0" encoding="UTF-8"?>
<record
    xmlns:xsi="http://www.w3.org/2001/XMLSchema-instance"
    xsi:schemaLocation="http://www.loc.gov/MARC21/slim http://www.loc.gov/standards/marcxml/schema/MARC21slim.xsd"
    xmlns="http://www.loc.gov/MARC21/slim">

  <leader>02523cam a22003371  4500</leader>
  <controlfield tag="001">6952267</controlfield>
  <controlfield tag="003">OSt</controlfield>
  <controlfield tag="005">20260415123150.0</controlfield>
  <controlfield tag="008">800506m19009999miu           000 0 eng  </controlfield>
  <datafield tag="010" ind1=" " ind2=" ">
    <subfield code="a">   49009254 </subfield>
  </datafield>
  <datafield tag="035" ind1=" " ind2=" ">
    <subfield code="a">6952267</subfield>
  </datafield>
  <datafield tag="035" ind1=" " ind2=" ">
    <subfield code="a">(OCoLC)6287001</subfield>
  </datafield>
  <datafield tag="040" ind1=" " ind2=" ">
    <subfield code="a">DLC</subfield>
    <subfield code="c">Mo</subfield>
    <subfield code="d">OCoLC</subfield>
    <subfield code="d">CLamB</subfield>
    <subfield code="d">DLC</subfield>
  </datafield>
  <datafield tag="050" ind1="0" ind2="0">
    <subfield code="a">BS1154</subfield>
    <subfield code="b">.K414 1986</subfield>
  </datafield>
  <datafield tag="100" ind1="1" ind2=" ">
    <subfield code="a">Keil, Carl Friedrich,</subfield>
    <subfield code="d">1807-1888.</subfield>
  </datafield>
  <datafield tag="245" ind1="1" ind2="0">
    <subfield code="a">Commentary on the Old Testament in ten volumes /</subfield>
    <subfield code="c">C.F. Keil and F. Delitzsch</subfield>
  </datafield>
  <datafield tag="260" ind1=" " ind2=" ">
    <subfield code="a">[Grand Rapids,</subfield>
    <subfield code="b">Eerdmans,</subfield>
    <subfield code="c">1986</subfield>
  </datafield>
  <datafield tag="300" ind1=" " ind2=" ">
    <subfield code="a">v.</subfield>
    <subfield code="c">23 cm.</subfield>
  </datafield>
  <datafield tag="336" ind1=" " ind2=" ">
    <subfield code="a">text</subfield>
    <subfield code="b">txt</subfield>
    <subfield code="2">rdacontent</subfield>
  </datafield>
  <datafield tag="337" ind1=" " ind2=" ">
    <subfield code="a">unmediated</subfield>
    <subfield code="b">n</subfield>
    <subfield code="2">rdamedia</subfield>
  </datafield>
  <datafield tag="338" ind1=" " ind2=" ">
    <subfield code="a">volume</subfield>
    <subfield code="b">nc</subfield>
    <subfield code="2">rdacarrier</subfield>
  </datafield>
  <datafield tag="500" ind1=" " ind2=" ">
    <subfield code="a">Half title: Each vol. has also special t.p.</subfield>
  </datafield>
  <datafield tag="500" ind1=" " ind2=" ">
    <subfield code="a">Translated from the German ed. of K. F. Keil and F. Delitzsch.</subfield>
  </datafield>
  <datafield tag="505" ind1="0" ind2=" ">
    <subfield code="a">[Bk.1-5,3v.]: The Pentateuch / C.F. Keil and F. Delitzsch ; tr. by James Martin -- [Bk.6-8]: Joshua, Judges, Ruth / C.F. Keil and F. Delitzsch ; tr. by J. Martin -- [Bk.9-10]: Biblical commentary on the books of Samuel / C.F. Keil and F. Delitzsch ; tr. by J. Martin -- [Bk.11-12]: The books of the Kings / C.F. Keil ; tr. by J. Martin -- [Bk.13-14]: The books of the Chronicles / C.F. Keil ; tr. by Andrew Harper -- [Bk.15-17]: The books of Ezra, Nehemiah, and Esther / C.F. Keil ; tr. by Sophia Tucker -- [Bk.18,2v.]: Biblical commentary on the book of Job / F. Delitsch ; tr. by Francis Bolton -- [Bk.19,3v.]: Biblical commentary on the Psalms / F. Delitsch ; tr. by F. Bolton -- [Bk.20,2v.]: Biblical commentary on the Proverbs of Solomon / F. Delitsch ; tr. by M.G. Easton -- [Bk.21-22]: Commentary on the Song of Songs and Ecclesiastes / F. Delitsch ; tr. by M.G. Easton -- [Bk.23,2v.]: Biblical commentary on the prophecies of Isaiah / F. Delitsch ; tr. by J. Martin -- [Bk.24-25,2v.]: The prophecies of Jeremiah [and] The Lamentations of Jeremiah / C.F. Keil ; tr. by David Patrick and James Kennedy -- [Bk.26,2v.]: Biblical commentary on the prophecies of Ezekiel / C.F. Keil ; tr. by J. Martin -- [Bk.27]: Biblical commentary on the book of Daniel / C.F. Keil ; MGE -- [Bk.28-39,2v]: The Twelve Minor Prophets / C.F. Keil ; tr. by J. Martin.</subfield>
  </datafield>
  <datafield tag="630" ind1="0" ind2="0">
    <subfield code="a">Bible.</subfield>
    <subfield code="p">Old Testament</subfield>
    <subfield code="v">Commentaries.</subfield>
  </datafield>
  <datafield tag="655" ind1=" " ind2="7">
    <subfield code="a">Commentaries.</subfield>
    <subfield code="2">lcgft</subfield>
    <subfield code="0">https://id.loc.gov/authorities/genreForms/gf2025026014</subfield>
  </datafield>
  <datafield tag="700" ind1="1" ind2=" ">
    <subfield code="a">Delitzsch, Franz,</subfield>
    <subfield code="d">1813-1890.</subfield>
  </datafield>
  <datafield tag="906" ind1=" " ind2=" ">
    <subfield code="a">7</subfield>
    <subfield code="b">cbc</subfield>
    <subfield code="c">oclcrpl</subfield>
    <subfield code="d">u</subfield>
    <subfield code="e">ncip</subfield>
    <subfield code="f">19</subfield>
    <subfield code="g">y-gencatlg</subfield>
  </datafield>
  <datafield tag="942" ind1=" " ind2=" ">
    <subfield code="2">lcc</subfield>
    <subfield code="c">BK</subfield>
  </datafield>
  <datafield tag="999" ind1=" " ind2=" ">
    <subfield code="c">21618</subfield>
    <subfield code="d">21617</subfield>
  </datafield>
  <datafield tag="952" ind1=" " ind2=" ">
    <subfield code="0">0</subfield>
    <subfield code="1">0</subfield>
    <subfield code="2">lcc</subfield>
    <subfield code="7">0</subfield>
    <subfield code="a">KABU</subfield>
    <subfield code="b">KABU</subfield>
    <subfield code="c">GEN</subfield>
    <subfield code="d">2026-04-15</subfield>
    <subfield code="e">Donation</subfield>
    <subfield code="i">2025/2591</subfield>
    <subfield code="l">0</subfield>
    <subfield code="o">BS1154 .K414 1986 V.2 C.1</subfield>
    <subfield code="p">39200</subfield>
    <subfield code="r">2026-04-15 12:29:21</subfield>
    <subfield code="t">C.1</subfield>
    <subfield code="w">2026-04-15</subfield>
    <subfield code="y">BK</subfield>
  </datafield>
  <datafield tag="952" ind1=" " ind2=" ">
    <subfield code="0">0</subfield>
    <subfield code="1">0</subfield>
    <subfield code="2">lcc</subfield>
    <subfield code="7">0</subfield>
    <subfield code="a">KABU</subfield>
    <subfield code="b">KABU</subfield>
    <subfield code="c">GEN</subfield>
    <subfield code="d">2026-04-15</subfield>
    <subfield code="e">Donation</subfield>
    <subfield code="i">2025/2595</subfield>
    <subfield code="l">0</subfield>
    <subfield code="o">BS1154 .K414 1986 V.4 C.1</subfield>
    <subfield code="p">39201</subfield>
    <subfield code="r">2026-04-15 12:33:05</subfield>
    <subfield code="t">C.1</subfield>
    <subfield code="w">2026-04-15</subfield>
    <subfield code="y">BK</subfield>
  </datafield>
  <datafield tag="952" ind1=" " ind2=" ">
    <subfield code="0">0</subfield>
    <subfield code="1">0</subfield>
    <subfield code="2">lcc</subfield>
    <subfield code="7">0</subfield>
    <subfield code="a">KABU</subfield>
    <subfield code="b">KABU</subfield>
    <subfield code="c">GEN</subfield>
    <subfield code="d">2026-04-15</subfield>
    <subfield code="e">Donation</subfield>
    <subfield code="i">2025/2590</subfield>
    <subfield code="l">0</subfield>
    <subfield code="o">BS1154 .K414 1986 V.1 C.1</subfield>
    <subfield code="p">39202</subfield>
    <subfield code="r">2026-04-15 12:33:00</subfield>
    <subfield code="t">C.1</subfield>
    <subfield code="w">2026-04-15</subfield>
    <subfield code="y">BK</subfield>
  </datafield>
  <datafield tag="952" ind1=" " ind2=" ">
    <subfield code="0">0</subfield>
    <subfield code="1">0</subfield>
    <subfield code="2">lcc</subfield>
    <subfield code="7">0</subfield>
    <subfield code="a">KABU</subfield>
    <subfield code="b">KABU</subfield>
    <subfield code="c">GEN</subfield>
    <subfield code="d">2026-04-15</subfield>
    <subfield code="e">Donation</subfield>
    <subfield code="i">2025/</subfield>
    <subfield code="l">0</subfield>
    <subfield code="o">BS1154 .K414 1986 V.9 C.1</subfield>
    <subfield code="p">39198</subfield>
    <subfield code="r">2026-04-15 12:33:00</subfield>
    <subfield code="t">C.1</subfield>
    <subfield code="w">2026-04-15</subfield>
    <subfield code="y">BK</subfield>
  </datafield>
  <datafield tag="952" ind1=" " ind2=" ">
    <subfield code="0">0</subfield>
    <subfield code="1">0</subfield>
    <subfield code="2">lcc</subfield>
    <subfield code="7">0</subfield>
    <subfield code="a">KABU</subfield>
    <subfield code="b">KABU</subfield>
    <subfield code="c">GEN</subfield>
    <subfield code="d">2026-04-15</subfield>
    <subfield code="e">Donation</subfield>
    <subfield code="i">2025/2594</subfield>
    <subfield code="l">0</subfield>
    <subfield code="o">BS1154 .K414 1986 V.5 C.1</subfield>
    <subfield code="p">39440</subfield>
    <subfield code="r">2026-04-15 12:41:04</subfield>
    <subfield code="t">C.1</subfield>
    <subfield code="w">2026-04-15</subfield>
    <subfield code="y">BK</subfield>
  </datafield>
</record>
